[Event "Titled Tuesday intern op 09th Jul Early"]
[Site "Chess.com INT"]
[Date "2024.07.09"]
[Round "7"]
[White "Khruschiov, Alexey"]
[Black "Skvortsov, Andrei"]
[Result "1/2-1/2"]
[WhiteElo "2274"]
[BlackElo "2331"]
[PlyCount "99"]
[EventDate "2024.07.09"]
[EventType "swiss (blitz)"]
[EventRounds "11"]
[EventCountry "USA"]
[SourceTitle "EXT 2025"]
[Source "ChessBase"]
[SourceDate "2024.10.14"]
[SourceVersion "1"]
[SourceVersionDate "2024.10.14"]
[SourceQuality "1"]

1. Nf3 d5 2. e3 g6 3. c4 dxc4 4. Bxc4 Bg7 5. Nc3 Nf6 6. 0-0 0-0 7. d4 Nbd7 8. e4 Nb6 9. Bb3 Bg4 10. Be3 c6 11. h3 Bxf3 12. Qxf3 Nfd7 13. Rad1 e5 14. d5 cxd5 15. Nxd5 Nxd5 16. Rxd5 Qe7 17. Rfd1 Rfd8 18. Bg5 Nf6 19. Qd3 Rxd5 20. Bxd5 Qc7 21. Rc1 Qd7 22. Bxf6 Bxf6 23. Qb3 Rb8 24. g3 Kg7 25. Kg2 h5 26. h4 b6 27. Qc4 Bd8 28. Rc3 b5 29. Qb3 Bb6 30. Rf3 f6 31. Rd3 Bd4 32. Rd2 Rc8 33. Rc2 Bb6 34. Be6 Qxe6 35. Qxe6 Rxc2 36. Qe7+ Kg8 37. Qxf6 Rxf2+ 38. Qxf2 Bxf2 39. Kxf2 Kf7 40. Kf3 Ke6 41. g4 Kd6 42. b4 Kc6 43. gxh5 gxh5 44. Ke3 a5 45. a3 axb4 46. axb4 Kd6 47. Kd3 Kc6 48. Ke3 Kd6 49. Kd3 Kc6 50. Ke3 1/2-1/2